<?xml version="1.0" encoding="UTF-8"?>
<collection xmlns="http://www.loc.gov/MARC21/slim">
 <record>
  <leader>02112nam a2200253 a 4500</leader>
  <controlfield tag="001">1/44670</controlfield>
  <controlfield tag="008">140624s2008    us            001 0 eng  </controlfield>
  <datafield tag="020" ind1=" " ind2=" ">
   <subfield code="a">9781597492454</subfield>
  </datafield>
  <datafield tag="020" ind1=" " ind2=" ">
   <subfield code="a">1597492450</subfield>
  </datafield>
  <datafield tag="035" ind1=" " ind2=" ">
   <subfield code="l">47624</subfield>
  </datafield>
  <datafield tag="040" ind1=" " ind2=" ">
   <subfield code="a">OPELS</subfield>
   <subfield code="b">eng</subfield>
   <subfield code="c">OPELS</subfield>
   <subfield code="d">OCLCQ</subfield>
   <subfield code="d">OCLCF</subfield>
   <subfield code="d">GR-PeUP</subfield>
  </datafield>
  <datafield tag="100" ind1="1" ind2=" ">
   <subfield code="a">Bonnell, Ralph.</subfield>
  </datafield>
  <datafield tag="245" ind1="1" ind2="0">
   <subfield code="a">Check Point NGX R65 security administration</subfield>
   <subfield code="h">[electronic resource] /</subfield>
   <subfield code="c">by Ralph Bonnell.</subfield>
  </datafield>
  <datafield tag="260" ind1=" " ind2=" ">
   <subfield code="a">Rockland, Mass. :</subfield>
   <subfield code="b">Syngress ;</subfield>
   <subfield code="a">Oxford :</subfield>
   <subfield code="b">Elsevier Science [distributor],</subfield>
   <subfield code="c">2008.</subfield>
  </datafield>
  <datafield tag="300" ind1=" " ind2=" ">
   <subfield code="a">1 online resource (xxiv, 414 p.) :</subfield>
   <subfield code="b">ill.</subfield>
  </datafield>
  <datafield tag="520" ind1=" " ind2=" ">
   <subfield code="a">Check Point NGX R65 is the next major release of Check Point's flagship firewall software product, which has over 750,000 registered users. Check Point's NGX is the underlying security software platform for all of the company's enterprise firewall, VPN and management solutions. It enables enterprises of all sizes to reduce the cost and complexity of security management and ensure that their security systems can be easily extended to adapt to new and emerging threats. This title is a continuation of Syngress' best-selling references on Check Point's market leading Firewall and VPN products. * First book to market covering Check Point?s new, flagship NGX R65 Firewall/VPN. * Provides bonus coverage for Check Point?s upcoming NGX R65 Certification exams. * Companion Web site offers customized scripts for managing log files.</subfield>
  </datafield>
  <datafield tag="505" ind1="0" ind2=" ">
   <subfield code="a">1: NGX R65 Operational changes -- 2: SmartClients and SmartManagement -- 3. Management Portal -- 4: Advanced Authentication -- 5: Advanced VPN Concepts and Tunnel Monitoring -- 6: Advanced VPN Client Installations -- 7: Multicast Security -- 8: Advanced DoS Protection -- 9: High Availability and Clustering -- 10: SecurePlatform.</subfield>
  </datafield>
  <datafield tag="500" ind1=" " ind2=" ">
   <subfield code="a">Includes index.</subfield>
  </datafield>
  <datafield tag="650" ind1=" " ind2="4">
   <subfield code="a">Firewalls (Computer security)</subfield>
  </datafield>
  <datafield tag="655" ind1=" " ind2="4">
   <subfield code="a">Electronic books.</subfield>
  </datafield>
  <datafield tag="852" ind1=" " ind2=" ">
   <subfield code="a">INST</subfield>
   <subfield code="b">UNIPILB</subfield>
   <subfield code="c">EBOOKS</subfield>
   <subfield code="e">20140624</subfield>
   <subfield code="p">00b47624</subfield>
   <subfield code="q">00b47624</subfield>
   <subfield code="t">ONLINE</subfield>
   <subfield code="y">0</subfield>
  </datafield>
  <datafield tag="856" ind1="4" ind2="0">
   <subfield code="3">ScienceDirect</subfield>
   <subfield code="u">http://www.sciencedirect.com/science/book/9781597492454</subfield>
  </datafield>
  <datafield tag="856" ind1="4" ind2=" ">
   <subfield code="d">/webopac/covers/03/47624_9781597492454.jpg</subfield>
  </datafield>
  <datafield tag="856" ind1="4" ind2=" ">
   <subfield code="d">/webopac/covers/03/47624_1597492450.jpg</subfield>
  </datafield>
 </record>
</collection>
